| 000 | 00589nam a2200181 i 4500 | ||
|---|---|---|---|
| 001 | 65494 | ||
| 003 | ES-MaACL | ||
| 005 | 20250809063501.0 | ||
| 007 | t| | ||
| 008 | 040114s1945 sp ||||1| spa d | ||
| 100 | 1 |
_aFreyer, Hans, _d1887-1969 _952565 |
|
| 245 | 1 | 0 |
_aIntroducción a la sociología / _cHans Freyer ; versión del alemán por Felipe González Vicen. |
| 260 |
_aMadrid : _bNueva Epoca, _c1945 ( _fCollantes y Rubio) |
||
| 300 |
_a192 p. ; _c25 cm. |
||
| 700 | 1 |
_aGonzález Vicen, Felipe. _959017 |
|
| 852 |
_aES-MaACL _jF-16191 _bR.21868 |
||
| 999 |
_c65494 _d65494 |
||